Normal view
MARC view
Entry Personal Name
001 - CONTROL NUMBER
- control field: 260458
003 - CONTROL NUMBER IDENTIFIER
- control field: OSt
005 - DATE AND TIME OF LATEST TRANSACTION
- control field: 20260407112522.0
008 - FIXED-LENGTH DATA ELEMENTS
- fixed length control field: 260407|| aca||aabn | a|a d
040 ## - CATALOGING SOURCE
- Original cataloging agency: OSt
- Transcribing agency: OSt
100 ## - HEADING--PERSONAL NAME
- Personal name: TRIPATI (Ramesh Chandra) and Agrwal (Pavan).
- Dates associated with a name: त्रिपति (रमेश चंद्र) और अग्रवाल (पवन)
670 ## - SOURCE DATA FOUND
- Source citation: Work cat.: (OSt)106723: TRIPATI (Ramesh Chandra) and Agrwal (Pavan). त्रिपति (रमेश चंद्र) और अग्रवाल (पवन), Prayojanmulak hindi: vividh paridrashy., 2001